书目信息 |
| 题名: |
惊鸿照影
|
|
| 作者: | 沈东兴, 著 | |
| 分册: | ||
| 出版信息: | 哈尔滨 北方文艺出版社 2022.08 |
|
| 页数: | 276页 | |
| 开本: | 23cm | |
| 丛书名: | ||
| 单 册: | ||
| 中图分类: | K220.5 | |
| 科图分类: | ||
| 主题词: | 历史事件--li shi shi jian--中国--古代 | |
| 电子资源: | ||
| ISBN: | 978-7-5317-5624-8 | |
| 000 | 01165nam0 2200253 450 | |
| 001 | CAL 012022020297 | |
| 005 | 20230217093112.0 | |
| 010 | @a978-7-5317-5624-8@dCNY79.80 | |
| 100 | @a20220921d2022 em y0chiy0120 ea | |
| 101 | 0 | @achi |
| 102 | @aCN@b230000 | |
| 105 | @ay z 000yy | |
| 106 | @ar | |
| 200 | 1 | @a惊鸿照影@Ajing hong zhao ying@e回望悠远历史里的十七个瞬间@f沈东兴著 |
| 210 | @a哈尔滨@c北方文艺出版社@d2022.08 | |
| 215 | @a276页@d23cm | |
| 314 | @a沈东兴, 男, 一九七一年生, 现定居于上海市闵行区, 大学学历。长期从事社团文案工作, 爱好文学、运动、旅游。 | |
| 330 | @a本作品依据正史材料, 详述了中国古代多起著名事件或战例的发生背景、经过、结局及后继影响, 贯穿自先秦直至宋代的历史片段, 以“十七”个瞬间串联论述。每一篇通过详尽的史料堆砌来展示历史人物的思想变化和命运变迁。本书通过挖掘信史材料, 借以完整还原历史事件和人物生平经历, 尽最大的可能接近历史的本真。 | |
| 517 | 1 | @a回望悠远历史里的十七个瞬间@Ahui wang you yuan li shi li de shi qi ge shun jian |
| 606 | 0 | @a历史事件@Ali shi shi jian@y中国@z古代 |
| 690 | @aK220.5@v5 | |
| 701 | 0 | @a沈东兴,@Ashen dong xing@f1971-@4著 |
| 801 | 0 | @aCN@bBJXHZP@c20230228 |
| 905 | @b1380240-3@dK220.5@e167@f4 | |
| 惊鸿照影:回望悠远历史里的十七个瞬间/沈东兴著.-哈尔滨:北方文艺出版社,2022.08 |
| 276页;23cm |
| ISBN 978-7-5317-5624-8:CNY79.80 |
| 本作品依据正史材料, 详述了中国古代多起著名事件或战例的发生背景、经过、结局及后继影响, 贯穿自先秦直至宋代的历史片段, 以“十七”个瞬间串联论述。每一篇通过详尽的史料堆砌来展示历史人物的思想变化和命运变迁。本书通过挖掘信史材料, 借以完整还原历史事件和人物生平经历, 尽最大的可能接近历史的本真。 |
| ● |
| 相关链接 |
|
|
|
|
正题名:惊鸿照影
索取号:K220.5/167
 
预约/预借
| 序号 | 登录号 | 条形码 | 馆藏地/架位号 | 状态 | 备注 |
| 1 | 1380240 | 213802401 | 第二样本阅览室/ [索取号:K220.5/167] | 在馆 | |
| 2 | 1380241 | 213802410 | 第二借阅区/ [索取号:K220.5/167] | 在馆 | |
| 3 | 1380242 | 213802429 | 第二借阅区/ [索取号:K220.5/167] | 在馆 | |
| 4 | 1380243 | 213802438 | 第二借阅区/ [索取号:K220.5/167] | 在馆 |